000 00250nam a2200097Ia 4500
001 1300091
005 20260420095857.0
008 260420s9999 xx 000 0 und d
245 0 _aKIYIDAKİ DEV
_cMÜNİRE DANİŞ
260 _bTİMAŞ ÇOCUK YAYINLARI
999 _c1300091
_d1300091